000 00500cam a2200205 4500
008 090401t1995 xxu||||| |||| 00| 0 eng d
020 _a1860810047
035 _a(Sirsi) u58141
041 _aeng
050 _aF690
110 _aBuilding Research Establishment
245 _aPVC-U windows
260 _aLondon
_bConstruction Research Communications Ltd
_c1995
300 _a8p
350 _a0
490 _aBRE Digest
_v404
650 _aPVC-U WINDOWS
942 _n0
948 _c04/03/1997
999 _c94032
_d94032